000 01066nam a22002537a 4500
005 20170124103204.0
010 _aB-142704
020 _c150.00
_a8190155806
035 _aB-142704
037 _bCen Lib/Ret
040 _aDPL
_bHN
082 _a553.7
_bजोसली
100 _aजोसलीन, आई.सी.
_993060
245 _aपानी का परिचय /
_cआई.सी.जोसलीन
246 _aPani ka parichey /
_bby I.C.Josleen
260 _aदिल्ली
_bसर्वोदय साहित्य संस्थान
_c1987
270 _bदिल्ली
_a512-बी, गली नं.1, विश्वास नगर औद्योगिक शेत्र
_e110032
300 _a135पृ. :
_c20सेमी(सजिल्द)
_bसचित्र
650 _aपानी -- तत्व
_91541
650 _aपानी -- आवश्यक
_93679
650 _aWater - element
_993061
650 _aWater - essential
_993062
942 _2ddc
_cHN
_h553.7
_mजोसली
999 _c120866
_d120866